000 01376cam a2200145 4500500
005 20260329064722.0
041 _afre
042 _adc
100 1 0 _aOhl, Fabien
_eauthor
700 1 0 _aTribou, Gary
_eauthor
245 0 0 _aLes marchés du sport : Consommateurs et distributeurs
260 _bArmand Colin,
_c2004.
520 _aLes marques de sport s'imposent désormais dans la mode et doivent, par ailleurs, s'adapter à l'intégration des réseaux de distribution. Les magasins de sport traditionnels sont en concurrence directe avec la grande distribution et les boutiques de prêt-à-porter. Quant aux consommateurs, dont les choix sont de moins en moins prévisibles, s'ils jouent le jeu de la publicité des marques, ils tendent parfois à s'en affranchir. En s'appuyant sur des analyses sociologiques et marketing étoffées de nombreuses données documentaires, les auteurs donnent les repères indispensables à la compréhension des principaux marchés du sport et des stratégies marketing de la distribution. Cet ouvrage s'adresse aux professionnels de l'industrie et de la distribution du sport, aux enseignants de gestion du sport et à leurs étudiants, ainsi qu'à tous ceux qui portent un intérêt à l'économie du sport en général.
856 4 1 _uhttps://shs.cairn.info/les-marches-du-sport--9782200263164?lang=fr&redirect-ssocas=7080
999 _c2016852
_d2016852